Statistics for First Generation Flying-Type Pokemon

Click here to take the quiz!

General Stats

  • This quiz has been taken 20 times
  • The average score is 17 of 18

Answer Stats

Pokemon% Correct
Articuno
100%
Butterfree
100%
Charizard
100%
Dragonite
100%
Fearow
100%
Moltres
100%
Pidgeot
100%
Pidgeotto
100%
Pidgey
100%
Spearow
100%
Zapdos
100%
Dodrio
88%
Doduo
88%
Golbat
88%
Gyarados
88%
Zubat
88%
Farfetch'd
81%
Scyther
63%

Score Distribution

Percentile by Number Answered

Percent of People with Each Score

Your Score History

You have not taken this quiz